Suma contra los gentiles. (Record no. 170768)

MARC details
000 -LEADER
campo de control de longitud fija 01243nam a2200277 i 4500
001 - NÚMERO DE CONTROL
campo de control 170768
003 - IDENTIFICADOR DE NÚMERO DE CONTROL
campo de control ES-MaACL
005 - FECHA Y HORA DE LA ÚLTIMA TRANSACCIÓN
campo de control 20250808062742.0
008 - DATOS DE LONGITUD FIJA--INFORMACIÓN GENERAL
campo de control de longitud fija 090403s1952 sp |||| | spa d
100 0# - ENTRADA PRINCIPAL--NOMBRE DE PERSONA
Nombre de persona Tomás de Aquino,
Títulos y otros términos asociados al nombre Santo
9 (RLIN) 110514
240 10 - TÍTULO UNIFORME
Título uniforme Summa contra gentiles.
Lenguaje de la obra Español-Latín
245 10 - MENCIÓN DEL TÍTULO
Título Suma contra los gentiles.
Número de parte o sección de la obra I /
Mención de responsabilidad, etc. Santo Tomás de Aquino ; traducción dirigida y revisada por Jesús M. Pla Castellano ; introducciones y notas de Jesús Azagra y Mateo Febrer ; introducción general por José M. de Garganta.
250 ## - MENCION DE EDICION
Mención de edición Ed. bilingüe, en dos tomos, con el texto crítico de la leonina.
260 ## - PUBLICACIÓN, DISTRIBUCIÓN, ETC.
Lugar de publicación, distribución, etc. Madrid :
Nombre del editor, distribuidor, etc. La Editorial Católica,
Fecha de publicación, distribución, etc. 1952.
300 ## - DESCRIPCIÓN FÍSICA
Extensión XI, 712 p. ;
Dimensiones 20 cm.
490 1# - MENCIÓN DE SERIE
Mención de serie Biblioteca de autores cristianos ;
Designación de volumen o secuencia 94
505 8# - NOTA DE CONTENIDO CON FORMATO
Nota de contenido con formato Contiene : Libros 1º y 2º. Dios . Su existencia, su naturaleza . La creación y las criaturas
546 ## - NOTA DE IDIOMA
Nota de lengua/lenguaje Texto en latín y traducción en español.
700 0# - ENTRADA AGREGADA--NOMBRE PERSONAL
Nombre de persona Garganta, José María de.
9 (RLIN) 55535
700 1# - ENTRADA AGREGADA--NOMBRE PERSONAL
Nombre de persona Pla Castellano, Jesús M.
9 (RLIN) 139731
700 1# - ENTRADA AGREGADA--NOMBRE PERSONAL
Nombre de persona Azagra, Jesús.
9 (RLIN) 139732
700 1# - ENTRADA AGREGADA--NOMBRE PERSONAL
Nombre de persona Febrer, Mateo.
9 (RLIN) 139733
830 00 - PUNTO DE ACCESO ADICIONAL DE SERIE-TÍTULO UNIFORME
Título uniforme Biblioteca de autores cristianos
Designación de volumen o secuencia 94
9 (RLIN) 178679
852 ## - LOCALIZACIÓN
Ubicación ES-MaACL
Número de control de estantería J-92
itemnumber R.46092
Holdings
Estatus retirado Estado de pérdida Estado de daño No para préstamo Biblioteca de origen Biblioteca actual Ubicación en estantería Fecha de adquisición Fuente de adquisición Total de préstamos Signatura topográfica completa Código de barras Visto por última vez Precio de reemplazo Tipo de ítem Koha
        Biblioteca del Ateneo de Madrid Biblioteca del Ateneo de Madrid Depósito 2 03/04/2009     J-92 1179219 23/02/2023 23/02/2023 Libro impreso